书目信息 |
| 题名: |
道路工程制图习题集(公路与城市道路工程、桥梁工程专业用)(第三版)
|
|
| 作者: | 徐志宏 主编 | |
| 分册: | ||
| 出版信息: | 北京 人民交通出版社 2000.04 |
|
| 页数: | 67页 | |
| 开本: | 8开 | |
| 丛书名: | ||
| 单 册: | ||
| 中图分类: | U412.5-44 | |
| 科图分类: | ||
| 主题词: | 道路工程 | |
| 电子资源: | ||
| ISBN: | 7-114-01165-2 | |
| 000 | 00709nam0 2200193 45 | |
| 001 | 0009072081 | |
| 005 | 20000907205415.3 | |
| 010 | @a7-114-01165-2@d18.00元 | |
| 100 | @a20000907d2000 km y0chiy0120 ea | |
| 101 | 0 | @achi |
| 105 | @a z 000yy | |
| 200 | 1 | @a道路工程制图习题集(公路与城市道路工程、桥梁工程专业用)(第三版)@ADao Lu Gong Cheng Zhi Tu Xi Ti Ji(Gong Lu Yu Cheng Shi Dao Lu Gong Cheng、Qiao Liang Gong Cheng Zhuan Ye Yong)(Di San Ban)@f徐志宏 主编@FXu Zhi Hong Zhu Bian |
| 210 | @a北京@c人民交通出版社@d2000.04 | |
| 215 | @a67页@d8开 | |
| 606 | 0 | @a道路工程 |
| 690 | @aU412.5-44@v3 | |
| 701 | 0 | @a徐志宏@4主编 |
| 801 | @aCN@bPftUser@c20000907 | |
| 905 | @b127753-762@dU412.5-44@eX337=3@f10 | |
| 道路工程制图习题集(公路与城市道路工程、桥梁工程专业用)(第三版)/徐志宏 主编.-北京:人民交通出版社,2000.04 |
| 67页;8开 |
| ISBN 7-114-01165-2:18.00元 |
| ● |
| 相关链接 |
|
|
|
正题名:道路工程制图习题集(公路与城市道路工程、
索取号:U412.5-44/X337=3
 
预约/预借
| 序号 | 登录号 | 条形码 | 馆藏地/架位号 | 状态 | 备注 |
| 1 | 127753 | 201277536 | 自科二线400A/400A自科库 34排1列2层/ [索取号:U412.5-44/X337=3] | 在馆 | |
| 2 | 127754 | 201277545 | 自科二线400A/400A自科库 34排1列2层/ [索取号:U412.5-44/X337=3] | 在馆 | |
| 3 | 127755 | 201277554 | 自科二线400A/400A自科库 34排1列2层/ [索取号:U412.5-44/X337=3] | 在馆 | |
| 4 | 127756 | 201277563 | 自科二线400A/400A自科库 34排1列2层/ [索取号:U412.5-44/X337=3] | 在馆 | |
| 5 | 127757 | 201277572 | 自科二线400A/400A自科库 34排1列2层/ [索取号:U412.5-44/X337=3] | 在馆 | |
| 6 | 127758 | 201277581 | 自科二线400A/400A自科库 34排1列2层/ [索取号:U412.5-44/X337=3] | 在馆 | |
| 7 | 127759 | 201277590 | 自科二线400A/400A自科库 34排1列2层/ [索取号:U412.5-44/X337=3] | 在馆 | |
| 8 | 127760 | 201277607 | 自科库501/501自科库 51排6列1层/ [索取号:U412.5-44/X337=3] | 在馆 | |
| 9 | 127761 | 201277616 | 自科二线404/404自科库 1排4列1层/ [索取号:U412.5-44/X337=3] | 在馆 | |
| 10 | 127762 | 201277625 | 自科二线404/404自科库 1排4列1层/ [索取号:U412.5-44/X337=3] | 在馆 |